Classical harmonic analysis and locally compact groups /
Guardado en:
| Autor Principal: | |
|---|---|
| Formato: | Libro |
| Idioma: | English |
| Publicado: |
Oxford :
Clarendon Press,
1968.
|
| Series: | Oxford mathematical monographs
|
| Etiquetas: |
Agregar Etiqueta
Sin Etiquetas, Sea el primero en etiquetar este registro!
|
| LEADER | 00624cam a22001935 4500 | ||
|---|---|---|---|
| 001 | MAT.inmabb001847 | ||
| 008 | 700415s1968####enk######b####001#0#eng#d | ||
| 005 | 20130412152338.0 | ||
| 245 | 1 | 0 | |a Classical harmonic analysis and locally compact groups / |c by Hans Reiter. |
| 260 | |a Oxford : |b Clarendon Press, |c 1968. | ||
| 300 | |a xi, 200 p. ; |c 24 cm. | ||
| 490 | 0 | |a Oxford mathematical monographs | |
| 504 | |a Bibliografía: p. [190]-195. | ||
| 510 | 4 | |a MR, |c 46 #5933 | |
| 020 | |a 0198535082 | ||
| 100 | 1 | |a Reiter, Hans, |d 1921- | |
| 084 | |a 43A20 (22D99 43A45) |2 msc2000 | ||
| 010 | |a 71363563 | ||
| 859 | |h 43 |i R379 |p A-3307 |b BIB. MATEMATICA | ||
